| 000 | 00996 a2200337 4500 | ||
|---|---|---|---|
| 005 | 20250818145207.0 | ||
| 008 | 250818b |||||||| |||| 00| 0 eng d | ||
| 041 | _aFr | ||
| 044 | _aCIV | ||
| 090 | _bDG/N/3090 | ||
| 100 | _aGOGOUE, Obed D. | ||
| 100 | _aADOU, Bini Yao B. C. | ||
| 100 | _aN'GUESSAN, Hauverset A. | ||
| 100 | _aNIAMKETCHI, Leonce J. | ||
| 110 | _aCentre National de Recherche Agronomique | ||
| 110 | _bCote d'Ivoire | ||
| 245 | _aBien fertiliser une pre-pepiniere et une pepiniere de palmier a huile avec les residus de grains de cafe (parche de cafe) | ||
| 260 | _aAbidjan | ||
| 260 | _bCNRA | ||
| 260 | _c2025 | ||
| 302 | _a3 p. | ||
| 388 | _a2025-08-18 | ||
| 650 | _2AGROVOC | ||
| 650 |
_gBien _2AGROVOC |
||
| 650 |
_gFertiliser _2AGROVOC |
||
| 650 |
_gPepiniere _2AGROVOC |
||
| 650 |
_gPre-pepiniere _2AGROVOC |
||
| 650 |
_gResidus _2AGROVOC |
||
| 650 |
_gCafe _2AGROVOC |
||
| 856 | _uhttps://ftech.byethost7.com/wp-content/uploads/2025/08/DGN3090.pdf | ||
| 999 |
_c5969 _d5969 |
||